00688 a2200157 45000010006000000050017000060080041000230030015000640400040000790800036001192450050001552640080002053000019002855050204003041000022005085965320260407155850.0260407a1966 arg spa dAR-UNSa-BCEJYS aAR-UNSa-BCEJYSbspacAR-UNSa-BCEJYS a330.35xCrecimiento económico10aCrecimiento Económicopproblemas para todos 1aMéxico :bUnión Tipográfica Editorial Hispano-Americana (UTEHA)c1966 a288 p.c17 cm. a1. Metas del crecimiento en este decenio - 2. Índices comparados de crecimiento - 3. Las causas del crecimiento económico - 4. Impedimentos para el crecimiento - 5. La política del crecimiento 1 aGutmann, Peter M.